Statistiques concernant How I met your mother - Le Quiz

Cliquez ici pour prendre le quiz!

Statistiques générales

  • Ce quiz a été pris 566 fois
  • Le résultat moyen est 8 sur 10

Statistiques - réponses

QuestionRéponse% Correct
Quel personnage Ted a-t-il rencontré aux toilettes?Barney
95%
Quel est le nom du barman du MacLarens?Carl
95%
Qu'a fait Marshall le jour de son mariage?Il s'est rasé les cheveux
95%
Quel personnage est originaire du Minnesota?Marshall
95%
Où Marshall et Lily devaient-ils déménager?Rome
87%
Quel film Ted, Marshall et Barney regardent-ils tous les 3 ans?Star Wars
84%
Pour qui Ted a-t-il conçu son premier bâtiment?Une banque
78%
Comment s'appelle la collègue que Robin déteste?Patrice
76%
Quel ami de la bande est surnommé le Blitz?Steve
69%
Comment s'appelle le mari du frère de Barney?Tom
62%

Distribution des résultats

Percentile par nombre de réponses

% des personnes avec chaque résultat

Votre développement - résultats

Vous n’avez pas pris ce quiz